NBA Players By Letter - R - Statistics

General Stats
  • This quiz has been taken 544 times
  • The average score is 12 of 18
Answer Stats
First Name Surname Team % Correct
Julius Randle Los Angeles Lakers
97%
D'Angelo Russell Los Angeles Lakers
94%
J.J. Redick Los Angeles Clippers
86%
Zach Randolph Memphis Grizzlies
85%
Derrick Rose New York Knicks
84%
Ricky Rubio Minnesota Timberwolves
79%
Terrence Ross Toronto Raptors
74%
Glenn Robinson Indiana Pacers
73%
Thomas Robinson Los Angeles Lakers
73%
Austin Rivers Los Angeles Clippers
70%
Terry Rozier Boston Celtics
69%
Josh Richardson Miami Heat
57%
Malachi Richardson Sacramento Kings
57%
Andre Roberson Oklahoma City Thunder
47%
Willie Reed Miami Heat
42%
Brian Roberts Charlotte Hornets
38%
Sergio Rodriguez Philadelphia 76ers
18%
Brandon Rush Minnesota Timberwolves
12%
No matching quizzes found
Score Distribution
Percent of People with Each Score
Percentile by Number Answered
Your Score History
You have not taken this quiz